Piłkarze, którzy nigdy nie zagrali na Mundialu - nagła śmierć - Statystyki

Ogólne statystyki
  • Ten quiz został rozwiązany 93 razy
  • Średni wynik to 10 z 22
Answers on the Grid
Answers color-coded by a green-red scale on the quiz's grid according to % correct below.
Pierre-Emerick Aubameyang
Gareth Bale
Marco van Basten
Dimitar Berbatow
George Best
Eric Cantona
Stephane Chapuisat
Andy Cole
Alfredo Di Stefano
Edin Dzeko
Giovane Elber
Luis Fabiano
Tomasz Frankowski
Ryan Giggs
Guti
Marek Hamsik
Aleksander Hleb
Mario Jardel
Kevin Keegan
Ladislao Kubala
Brian Laudrup
Denis Law
Jari Litmanen
Włodzimierz Lubański
Roy Makaay
Sadio Mane
Henrich Mchitarjan
Gaizka Mendieta
Adrian Mutu
Pavel Nedved
Ruud van Nistelrooy
Goran Pandev
Jean-Pierre Papin
Ferenc Puskas
Marco Reus
Ian Rush
Mohamed Salah
Bernd Schuster
Teddy Sheringham
Andrij Szewczenko
Hakan Sukur
Nemanja Vidic
George Weah
Anthony Yeboah
 
Statystyki odpowiedzi
Odpowiedź % Poprawnych
Pierre-Emerick Aubameyang
85%
Aleksander Hleb
63%
Dimitar Berbatow
62%
Tomasz Frankowski
59%
Goran Pandev
58%
Henrich Mchitarjan
58%
Jari Litmanen
57%
Ryan Giggs
57%
Anthony Yeboah
51%
George Weah
51%
George Best
43%
Giovane Elber
43%
Adrian Mutu
38%
Ian Rush
36%
Ladislao Kubala
36%
Mario Jardel
32%
Roy Makaay
26%
Bernd Schuster
21%
Andy Cole
20%
Eric Cantona
20%
Guti
20%
Alfredo Di Stefano
19%
Nie znaleziono quizów pasujących do podanych kryteriów
Rozkład punktacji
Procent ludzi z każdym wynikiem
Percentyl według liczby udzielonych odpowiedzi
Twoja historia wyników
Nie rozwiązałeś tego quizu